| 000 | 00443nam a2200169 4500 | ||
|---|---|---|---|
| 003 | SEACOMMC | ||
| 005 | 20250429110018.0 | ||
| 008 | 241219b |||||||| |||| 00| 0 eng d | ||
| 020 |
_a81-89012-04-5 _cRs.650.00 |
||
| 040 | _aSEACOMMC | ||
| 082 |
_a 070.4 _bG 196 |
||
| 100 | _aGanesh, T.K. | ||
| 245 | 1 |
_aNews Reporting and Editing in Digital Age _cT.K. Ganesh |
|
| 260 |
_a Delhi _b Gnosis _c 2006 |
||
| 650 | _a News Reporting | ||
| 942 | _cBOOK | ||
| 999 |
_c906 _d906 |
||